=LDR 00000nam 2200000 4500 =001 INLIS000000000019781 =005 20130612114817 =008 ***********************************Ind** =035 ##$$0010-061300000019781 =041 ##$$a Ind =082 ##$$a R.910.203 =090 ##$$a R.910.203, Dam i =100 ##$$a Damarjati, R.S =245 ##$$a Istilah-istilah dunia parawisata, R.S Damardjati =260 ##$$a 1995 $b Jakarta =300 ##$$a viii, 125 hlm, 21 cm =650 ##$$a Parawisata, Industri-terminologi =850 ##$$a NBPNMAT